<?xml version="1.0" encoding="utf-8"?>
<?xml-stylesheet type='text/xsl' href='./oai2.xsl'?>
<OAI-PMH xmlns="http://www.openarchives.org/OAI/2.0/" xmlns:xsi="http://www.w3.org/2001/XMLSchema-instance" xsi:schemaLocation="http://www.openarchives.org/OAI/2.0/ http://www.openarchives.org/OAI/2.0/OAI-PMH.xsd">
  <responseDate>2026-06-07T10:37:04Z</responseDate>
  <request verb="GetRecord" metadataPrefix="marcxml" identifier="record_kuniweb_2664244">https://kulturerbe.niedersachsen.de/oai</request>
  <GetRecord>
    <record>
      <header>
        <identifier>record_kuniweb_2664244</identifier>
        <datestamp>2026-03-31T19:09:18Z</datestamp>
        <setSpec>slg0175</setSpec>
      </header>
      <metadata>
        <marc:record xmlns:marc="http://www.loc.gov/MARC21/slim" xsi:schemaLocation="http://www.loc.gov/MARC21/slim http://www.loc.gov/standards/marcxml/schema/MARC21slim.xsd">
          <marc:leader>12345nkm  22     uu 4500</marc:leader>
          <marc:controlfield tag="001">2664244</marc:controlfield>
          <marc:controlfield tag="003">http://kuniweb.gbv.de</marc:controlfield>
          <marc:controlfield tag="005">2025-05-28T10:40:51</marc:controlfield>
          <marc:controlfield tag="008">|           ||||||||||||||||||||||</marc:controlfield>
          <marc:datafield tag="245" ind1="1" ind2="0">
            <marc:subfield code="a">Wilhelm Köppen</marc:subfield>
          </marc:datafield>
          <marc:datafield tag="720" ind1=" " ind2=" ">
            <marc:subfield code="a">Photographisches Atelier Franz Neumayer</marc:subfield>
          </marc:datafield>
          <marc:datafield tag="655" ind1=" " ind2="7">
            <marc:subfield code="a">Fotografie</marc:subfield>
          </marc:datafield>
          <marc:datafield tag="046" ind1=" " ind2=" ">
            <marc:subfield code="k">1894</marc:subfield>
            <marc:subfield code="k">1894/95 (Fotografie nicht datiert; Wilhelm Köppen ab 1894 Studium an der Münchner Kunstakademie, hier seit 1895 in der Malklasse Franz Stucks (Aufnahme zu dieser Zeit entspricht dem ungefähren Alter Köppens zum Zeitpunkt der Fotografie von 18-19 Jahren))</marc:subfield>
            <marc:subfield code="l">1895</marc:subfield>
          </marc:datafield>
          <marc:datafield tag="260" ind1=" " ind2=" ">
            <marc:subfield code="g">1894</marc:subfield>
            <marc:subfield code="g">1895</marc:subfield>
            <marc:subfield code="g">1894/95 (Fotografie nicht datiert; Wilhelm Köppen ab 1894 Studium an der Münchner Kunstakademie, hier seit 1895 in der Malklasse Franz Stucks (Aufnahme zu dieser Zeit entspricht dem ungefähren Alter Köppens zum Zeitpunkt der Fotografie von 18-19 Jahren))</marc:subfield>
          </marc:datafield>
          <marc:datafield tag="300" ind1=" " ind2=" ">
            <marc:subfield code="a">Höhe: 90 mm (Fotografie)
Breite: 59 mm (Fotografie)
Höhe: 105 mm (Untersatzkarton)
Breite: 64 mm (Untersatzkarton)</marc:subfield>
          </marc:datafield>
          <marc:datafield tag="520" ind1=" " ind2=" ">
            <marc:subfield code="a">kleinformatige Fotografie des Malers und Kunsthandwerkers Wilhelm Köppen (1876-1917) im Visitformat von Franz Neumayer, München, Fotografie nicht datiert - Wilhelm Köppen ab 1894 Studium an der Münchner Kunstakademie, hier seit 1895 in der Malklasse Franz Stucks (Aufnahme zu dieser Zeit entspricht dem ungefähren Alter Köppens zum Zeitpunkt der Fotografie von 18-19 Jahren). Wilhelm Köppen Sohn des verarmten Malers Theodor Köppen, den Allmers durch die Vermittlung von Aufträgen und Käufen unterstützte (Gemälde "Porträt Ernst Willers" [1888 - NHA 6.1.019]  und "Gefallener Krieger" [1892 - NHA 6.1.018] in Rechtenfleth).
Mehrere Zeichnungen, Entwürfe und Skizzen von Wilhelm Köppen im NHA erhalten (T. Mahler 05/2025)

Aufschrift:
"Wilhelm Köppen./ München." verso o. mittig (Bez. von Allmers' Hand in schwarzer Tinte auf dem Untersatzkarton (verso))

Aufdruck:
"Neuhauserstr. 29." u. li. "Franz Neumayer/ München" u. mittig "Christophstr. 4." u. re. "Photogr. Atelier/ Fr. Neumayer/ München/ Neuhauserstr. 29 Telephon 1711./ Christophstr. 4 Telephon 345./ Die Platte bleibt für Nachbestellungen aufbewahrt. Vergrösserungen können von jedem Bilde angefertigt werden." verso (Druck des Fotografen und Verlags auf dem Untersatzkarton)

Literatur in Zusammenhang:
H. Allmers, H. G. Steimer, und A. Behne, „Briefwechsel mit Freunden in der Ferne 1880-1901“, Briefwechsel, Bd. 3, Teilband 2. Edition Temmen, Bremen, 2019. (Vgl. S. 695)</marc:subfield>
          </marc:datafield>
          <marc:datafield tag="650" ind1="1" ind2=" ">
            <marc:subfield code="a">Grafik, Fotografie &gt; Fotografie &gt; Fotoabzug</marc:subfield>
          </marc:datafield>
          <marc:datafield tag="773" ind1="0" ind2=" ">
            <marc:subfield code="t">Sammlung und Nachlass Hermann Allmers</marc:subfield>
          </marc:datafield>
          <marc:datafield tag="852" ind1=" " ind2=" ">
            <marc:subfield code="a">Archiv des Landkreises Cuxhaven</marc:subfield>
          </marc:datafield>
          <marc:datafield tag="852" ind1=" " ind2=" ">
            <marc:subfield code="a">München</marc:subfield>
          </marc:datafield>
          <marc:datafield tag="" ind1=" " ind2=" ">
            <marc:subfield code="a">Sammlung und Nachlass Hermann Allmers sind Eigentum der Hermann-Allmers-Gesellschaft e. V. und werden in zwei Teilen an zwei Standorten verwahrt:
Die (museale) Sammlung, bestehend aus Mobiliar und Hausgerät, Tafelgemälden, kleineren und größeren Antiken, Gipsabgüssen, kunsthandwerklichen Objekten aus Keramik und Glas und einer kleinen Bibliothek, befindet sich im Allmers-Haus in Rechtenfleth.
Der literarische, grafische und fotografische "Nachlass Hermann Allmers" hingegen ist im Archiv des Landkreises Cuxhaven in Otterndorf deponiert.</marc:subfield>
          </marc:datafield>
          <marc:datafield tag="" ind1=" " ind2=" ">
            <marc:subfield code="a">Namensnennung - Nicht kommerziell - Keine Bearbeitungen 4.0 International (CC BY-NC-ND 4.0)</marc:subfield>
          </marc:datafield>
        </marc:record>
      </metadata>
    </record>
  </GetRecord>
</OAI-PMH>
